Principles of genetics

Bibliographic Details
Main Author: GARDNER 1909-
Other Authors: Snustad
Format: Book
Published: New York : Wiley , 1984
Edition:7th ed.
Subjects:

MARC

LEADER 00000cam a2200000 7i4500
001 0000002789
005 20040108.0
020 0 0 |a 0471876100 
090 0 0 |a 576.5   |b GAR 1984 
100 1 0 |a GARDNER   |h Eldon John   |c 1909- 
245 1 0 |a Principles of genetics   |c Eldon J. Gardner, D. Peter Snustad 
250 0 0 |a 7th ed. 
260 0 0 |a New York :   |b Wiley ,   |c 1984 
300 |a xii, 580, G-14, A-32, I-22 p. :   |b ill. ;   |c 25 cm. 
500 0 0 |a Includes bibliographies and index 
650 0 0 |a Genetics 
700 0 1 |a Snustad   |h D. Peter 
998 |a JPSM 
999 |a 0000003742   |b Monograph   |c Open Shelf   |e Default branch